00561nam a2200145Ia 4500008004100000020001800041041000800059082001700067100003400084245020700118250000600325260003900331300001100370650003400381210716s2016 xx 000 0 und d a9781783551811 aeng a005.132 KUMA aKumar, Ashish; Paul, Avinash. aMastering text mining with R: master text taming techniques and build effective text processing applications with RbMaster text taming techniques and build effective text processing applications with R a1 aMumbaibPackt Publishing Ltdc2016 axi,237 aProgramming Languages(005.13)